Monografía del Departamento de Huehuetenango, República de Guatemala /

Uloženo v:
Podrobná bibliografie
Hlavní autor: Recinos, Adrián (autor)
Médium: Kniha
Jazyk:španělština
Vydáno: Guatemala, Guatemala : Tipografía Sánchez y de Guise, 1913
Tagy: Přidat tag
Žádné tagy, Buďte první, kdo vytvoří štítek k tomuto záznamu!

MARC

LEADER 00000nam^a2200000^a^4500
001 000434163
005 20250526000000.0
009 20260310123059.358
037 |a Acervo ITESO - Biblioteca 
041 |a ESP 
091 |a FHM. 06919 
100 |a Recinos, Adrián  |e (autor) 
245 1 0 |a Monografía del Departamento de Huehuetenango, República de Guatemala / 
264 1 |a Guatemala, Guatemala :  |b Tipografía Sánchez y de Guise,  |c 1913 
300 |a XIV, 269 p. ;  |c 25.5 cm. 
336 |a texto  |b txt  |2 rdacontenido 
337 |a sin mediación  |b n  |2 rdamedio 
338 |a volumen  |b nc  |2 rdasoporte 
649 |a XX 
910 |a Fondo Hugo B. Margáin 
920 |a Impresos - Libros 
930 |a Libros Antiguos y Raros 
905 |a 126 
901 |a 0500315710  |b IT2  |c LRA  |i D106923  |u 20250526 
902 |a https://opac.biblio.iteso.mx/vufind/Record/000434163